Minesweeper – Sudden Death (Very Hard Version) - Statistics

General Stats
  • This quiz has been taken 1,457 times
  • The average score is 6 of 65
Answers on the Grid
Answers color-coded by a green-red scale on the quiz's grid according to % correct below.
1
1
4
2
2
2
3
3
3
3
1
4
3
4
1
1
3
1
3
2
2
3
3
1
1
2
1
3
2
2
2
3
3
1
2
2
2
3
3
1
2
3
2
3
2
1
3
3
1
1
3
2
4
2
2
2
2
4
2
2
2
3
3
5
3
1
3
3
3
2
2
2
3
3
2
3
4
2
1
0
1
3
3
3
1
3
4
2
3
1
1
3
3
3
3
2
1
2
2
1
 
Answer Stats
Answer % Correct
1
41%
1
41%
2
40%
3
39%
3
39%
1
38%
0
26%
4
14%
3
13%
2
12%
2
9%
3
8%
3
8%
4
8%
2
7%
2
7%
3
7%
3
7%
4
7%
2
6%
3
6%
3
6%
3
6%
3
6%
3
6%
3
6%
3
6%
3
6%
4
6%
1
5%
2
5%
2
5%
3
5%
3
5%
3
5%
3
5%
3
5%
4
5%
5
5%
1
4%
2
4%
2
4%
2
4%
3
4%
3
4%
4
4%
4
4%
2
3%
2
3%
2
3%
2
3%
2
3%
2
3%
2
3%
3
3%
3
3%
3
3%
3
3%
3
3%
3
3%
3
3%
2
2%
2
2%
2
2%
3
2%
No matching quizzes found
Score Distribution
Percent of People with Each Score
Percentile by Number Answered
Your Score History
You have not taken this quiz